| Tag |
First Indicator |
Second Indicator |
Subfields |
| LEADER |
00000cam a2200000 a 4500 |
| 001 |
in00000098719 |
| 005 |
20150924155716.0 |
| 008 |
811130s1981 fr b i00000 eng |
| 010 |
|
|
|a 81179147
|
| 015 |
|
|
|a F***
|
| 020 |
|
|
|a 9264122125 (pbk.)
|
| 035 |
|
|
|a (OCoLC)07745522
|
| 035 |
|
|
|9 AAK9828AM
|
| 039 |
0 |
|
|a 2
|b 3
|c 3
|d 3
|e 3
|
| 040 |
|
|
|a DLC
|c DLC
|d TXA
|d UtOrBLW
|
| 043 |
|
|
|a ew-----
|
| 049 |
|
|
|a TXAM
|c [1272777]
|
| 050 |
0 |
0 |
|a HJ5711
|b I46
|
| 082 |
0 |
|
|a 336.2/713
|2 19
|
| 245 |
0 |
4 |
|a The Impact of consumption taxes at different income levels :
|b a report /
|c by the Committee on Fiscal Affairs.
|
| 264 |
|
1 |
|a Paris :
|b Organisation for Economic Co-operation and Development ;
|a [Washington, D.C.] :
|b [available from OECD Publications and Information Center],
|c [1981]
|
| 264 |
|
4 |
|c [©1981]
|
| 300 |
|
|
|a 63 pages ;
|c 27 cm.
|
| 336 |
|
|
|a text
|b txt
|2 rdacontent
|
| 337 |
|
|
|a unmediated
|b n
|2 rdamedia
|
| 338 |
|
|
|a volume
|b nc
|2 rdacarrier
|
| 490 |
1 |
|
|a OECD studies in taxation
|
| 504 |
|
|
|a Bibliography: pages 62-63.
|
| 650 |
|
0 |
|a Taxation of articles of consumption
|z Organisation for Economic Co-operation and Development.
|
| 650 |
|
0 |
|a Tax incidence.
|
| 650 |
|
0 |
|a Taxation of articles of consumption
|z Europe.
|
| 710 |
2 |
|
|a Organisation for Economic Co-operation and Development.
|b Committee on Fiscal Affairs.
|
| 830 |
|
0 |
|a OECD studies in taxation.
|
| 999 |
|
|
|a MARS
|
| 999 |
f |
f |
|s d0bc7def-d12e-38d3-89f3-3000599ef19a
|i 2ca20fea-75e6-30a9-a1f1-91befeef3794
|t 0
|
| 952 |
f |
f |
|p ric
|a Texas A&M University
|b Rellis Campus
|c Joint Library Facility
|d Remote Storage
|t 0
|e HJ5711 I46
|h Library of Congress classification
|i unmediated -- volume
|m A14806033422
|
| 998 |
f |
f |
|a HJ5711 I46
|t 0
|l Remote Storage
|